[Event "WSTCC-50 2024"]
[Site "Krakow"]
[Date "2024.07.09"]
[Round "7.5"]
[White "Krause, Ullrich"]
[Black "Tsiganova, Monika"]
[Result "1/2-1/2"]
[WhiteElo "2171"]
[BlackElo "1999"]
[Annotator "RC"]
[PlyCount "51"]
[EventDate "2024.07.01"]
[EventType "team-tourn"]
[EventCountry "POL"]
[SourceTitle "playchess.com"]
[Source "ChessBase"]
[SourceQuality "1"]

1. Nf3 Nf6 2. c4 c5 3. Nc3 e6 4. g3 b6 5. Bg2 Bb7 6. O-O Be7 7. Re1 O-O 8. e4 d6 9. d4 cxd4 10. Nxd4 Qc8 11. Ndb5 Rd8 12. Be3 Nbd7 13. f4 Nc5 14. Bf2 a6 15. Nd4 Bf8 16. f5 exf5 17. Nxf5 g6 18. Bd4 Nfxe4 19. Nxe4 Bxe4 20. Rxe4 Nxe4 21. Bxe4 d5 22. Bxd5 Qxf5 23. Bxb6 Rd7 24. Qe2 Rxd5 25. cxd5 Qxd5 26. b3 1/2-1/2

[Event "WSTCC-50 2024"]
[Site "Krakow"]
[Date "2024.07.09"]
[Round "7.5"]
[White "Delaney, John"]
[Black "Baginskaite, Kamile"]
[Result "0-1"]
[WhiteElo "2167"]
[BlackElo "2057"]
[Annotator "RC"]
[PlyCount "54"]
[EventDate "2024.07.01"]
[EventType "team-tourn"]
[EventCountry "POL"]
[SourceTitle "playchess.com"]
[Source "ChessBase"]
[SourceQuality "1"]

1. e4 c5 2. Nf3 d6 3. d4 cxd4 4. Nxd4 Nf6 5. Nc3 a6 6. f4 e5 7. Nf3 Nbd7 8. a4 Be7 9. Bd3 O-O 10. O-O Nc5 11. Kh1 exf4 12. Bxf4 Bg4 13. Qd2 Rc8 14. h3 Bh5 15. Nd4 Bg6 16. Rae1 d5 17. exd5 Nxd3 18. cxd3 Bc5 19. Nb3 Nxd5 20. Nxc5 Rxc5 21. d4 Rc4 22. Re5 Nb4 23. Be3 f6 24. b3 Rxc3 25. Qxc3 fxe5 26. Qc4+ Nd5 27. Rd1 e4 0-1

[Event "WSTCC-50 2024"]
[Site "Krakow"]
[Date "2024.07.09"]
[Round "7.6"]
[White "Godena, Michele"]
[Black "Emms, John M"]
[Result "1-0"]
[WhiteElo "2426"]
[BlackElo "2428"]
[Annotator "RC"]
[PlyCount "63"]
[EventDate "2024.07.01"]
[EventType "team-tourn"]
[EventCountry "POL"]
[SourceTitle "playchess.com"]
[Source "ChessBase"]
[SourceQuality "1"]

1. e4 c5 2. Nf3 d6 3. d4 cxd4 4. Qxd4 Nc6 5. Bb5 Bd7 6. Qd3 g6 7. c4 Nf6 8. O-O Bg7 9. Nc3 O-O 10. Rd1 Bg4 11. Bxc6 bxc6 12. e5 Nd7 13. exd6 exd6 14. Bf4 Ne5 15. Bxe5 dxe5 16. Qe4 Bxf3 17. Qxf3 Qb6 18. Rab1 Rad8 19. Na4 Qc7 20. Nc5 Rfe8 21. g3 Qa5 22. Rxd8 Rxd8 23. Nb7 Qxa2 24. Nxd8 Qxb1+ 25. Kg2 f5 26. Qxc6 h5 27. Ne6 h4 28. gxh4 Qd3 29. Qc8+ Kf7 30. Ng5+ Ke7 31. Qe6+ Kd8 32. Qg8+ 1-0

[Event "WSTCC-50 2024"]
[Site "Krakow"]
[Date "2024.07.09"]
[Round "7.6"]
[White "Norinkeviciute, Rasa"]
[Black "Fox, Anthony"]
[Result "1/2-1/2"]
[WhiteElo "1922"]
[BlackElo "1909"]
[Annotator "NA RC"]
[PlyCount "47"]
[EventDate "2024.07.01"]
[EventType "team-tourn"]
[EventCountry "POL"]
[SourceTitle "playchess.com"]
[Source "ChessBase"]
[SourceQuality "1"]

1. c4 e6 2. g3 d5 3. Bg2 Nf6 4. Nf3 Be7 5. Qc2 O-O 6. d3 Nbd7 7. O-O c6 8. b3 b6 9. Bb2 Bb7 10. Nbd2 Rc8 11. Rad1 Qc7 12. e4 Qb8 13. Rfe1 Rfd8 14. h3 b5 15. e5 Ne8 16. Nh2 Nc7 17. f4 a5 18. Nhf3 Qa7+ 19. Bd4 c5 20. Bf2 Qa8 21. Qb2 Rb8 22. Qc2 Rbc8 23. Qb2 Rb8 24. Qc2 1/2-1/2

[Event "WSTCC-50 2024"]
[Site "Krakow"]
[Date "2024.07.09"]
[Round "7.6"]
[White "Narva, Regina"]
[Black "Lampe, Dirk"]
[Result "1/2-1/2"]
[WhiteElo "1921"]
[BlackElo "2158"]
[Annotator "RC"]
[PlyCount "38"]
[EventDate "2024.07.01"]
[EventType "team-tourn"]
[EventCountry "POL"]
[SourceTitle "playchess.com"]
[Source "ChessBase"]
[SourceQuality "1"]

1. e4 c5 2. Nf3 Nc6 3. Bb5 e5 4. O-O Bd6 5. c3 Nge7 6. Re1 a6 7. Bf1 Ng6 8. d4 cxd4 9. cxd4 exd4 10. Nxd4 O-O 11. Nf5 Be5 12. Nc3 d6 13. Nd5 Bxf5 14. exf5 Nge7 15. Bg5 f6 16. Bc4 Kh8 17. Be3 Nxd5 18. Bxd5 Qa5 19. Rb1 Bd4 1/2-1/2

[Event "WSTCC-50 2024"]
[Site "Krakow"]
[Date "2024.07.09"]
[Round "7.7"]
[White "Flear, Glenn C"]
[Black "Bellia, Fabrizio"]
[Result "1-0"]
[WhiteElo "2390"]
[BlackElo "2401"]
[Annotator "TA"]
[PlyCount "121"]
[EventDate "2024.07.01"]
[EventType "team-tourn"]
[EventCountry "POL"]
[SourceTitle "playchess.com"]
[Source "ChessBase"]
[SourceQuality "1"]

1. d4 Nf6 2. c4 e6 3. Nf3 d5 4. Nc3 Bb4 5. Qa4+ Nc6 6. e3 O-O 7. Bd2 dxc4 8. Bxc4 Bd6 9. h3 e5 10. O-O a6 11. Rad1 e4 12. Ng5 Bf5 13. Qc2 b5 14. Bb3 Nb4 15. Qb1 h6 16. Ngxe4 Nxe4 17. Nxe4 Qh4 18. f3 Rae8 19. Be1 Bxe4 20. fxe4 Qxe4 21. Qxe4 Rxe4 22. Rf3 a5 23. a3 a4 24. Bxb4 axb3 25. Bxd6 cxd6 26. Rd3 Rb8 27. Rxb3 Ree8 28. Rf5 b4 29. axb4 Rec8 30. Rc3 Rxc3 31. bxc3 Rc8 32. Rf1 Rxc3 33. Rb1 Rxe3 34. b5 Re7 35. Kf2 f5 36. b6 Rb7 37. Ke3 Kf7 38. d5 Ke7 39. Kd4 Kd8 40. Kc4 Kc8 41. Kb5 Re7 42. Rb2 Re3 43. Kc6 f4 44. h4 g5 45. h5 Rc3+ 46. Kxd6 Kb7 47. Ke6 Re3+ 48. Kf5 Rd3 49. Kg6 g4 50. Kxh6 f3 51. gxf3 gxf3 52. Rf2 Kxb6 53. Kg6 Kc5 54. h6 Rd1 55. Rxf3 Rg1+ 56. Kf7 Rh1 57. Rf6 Kxd5 58. Kg7 Ke5 59. Rg6 Kf5 60. h7 Rh2 61. Rg1 1-0

[Event "WSTCC-50 2024"]
[Site "Krakow"]
[Date "2024.07.09"]
[Round "7.7"]
[White "Staeblein, Christoph"]
[Black "Fomina, Tatyana"]
[Result "1/2-1/2"]
[WhiteElo "1991"]
[BlackElo "2192"]
[Annotator "RC"]
[PlyCount "74"]
[EventDate "2024.07.01"]
[EventType "team-tourn"]
[EventCountry "POL"]
[SourceTitle "playchess.com"]
[Source "ChessBase"]
[SourceQuality "1"]

1. d4 f5 2. g3 Nf6 3. Bg2 e6 4. c4 Bb4+ 5. Bd2 Qe7 6. Nf3 O-O 7. O-O Bxd2 8. Qxd2 Ne4 9. Qc2 Nc6 10. Nc3 Nxc3 11. Qxc3 d6 12. d5 Nd8 13. dxe6 Nxe6 14. e3 Bd7 15. Nd4 Nc5 16. Rad1 Ne4 17. Qb3 Bc6 18. Nxc6 bxc6 19. Qc2 a5 20. Rd4 Rae8 21. Qa4 c5 22. Rd3 h5 23. Qd1 g6 24. Ra3 Qe5 25. Bxe4 fxe4 26. Qd5+ Qxd5 27. cxd5 Rb8 28. b3 c4 29. Rc1 cxb3 30. axb3 Rb5 31. Rc4 Rxd5 32. Rxe4 Rb5 33. h4 Kg7 34. Kg2 Rff5 35. Re7+ Rf7 36. Re6 Rf6 37. Re7+ Rf7 1/2-1/2

[Event "WSTCC-50 2024"]
[Site "Krakow"]
[Date "2024.07.09"]
[Round "7.7"]
[White "Lyons, Brendan"]
[Black "Baliuniene, Margarita"]
[Result "1-0"]
[WhiteElo "1920"]
[BlackElo "1960"]
[Annotator "NA RC"]
[PlyCount "69"]
[EventDate "2024.07.01"]
[EventType "team-tourn"]
[EventCountry "POL"]
[SourceTitle "playchess.com"]
[Source "ChessBase"]
[SourceQuality "1"]

1. e4 c5 2. Nf3 g6 3. d4 cxd4 4. Qxd4 Nf6 5. Nc3 Nc6 6. Qa4 Bg7 7. e5 Ng8 8. Bf4 Nh6 9. Bb5 O-O 10. h4 Ng4 11. h5 Qb6 12. Bg3 Ngxe5 13. Nxe5 Nxe5 14. Nd5 Qc5 15. O-O-O a6 16. Be2 Nc6 17. Qh4 h6 18. hxg6 fxg6 19. Bd3 e6 20. Ne3 Qb4 21. Qxb4 Nxb4 22. Bxg6 Nxa2+ 23. Kb1 Nb4 24. Bd6 Rf6 25. Be4 Nc6 26. Ng4 Rf7 27. Nxh6+ Bxh6 28. Rxh6 Rg7 29. Rdh1 Kf7 30. Rh8 Ne7 31. Be5 Rg8 32. R1h7+ Kf8 33. Rxg8+ Nxg8 34. Bd6+ Ke8 35. Bg6+ 1-0

[Event "WSTCC-50 2024"]
[Site "Krakow"]
[Date "2024.07.09"]
[Round "7.8"]
[White "D'Amore, Carlo"]
[Black "Davies, Nigel R"]
[Result "1/2-1/2"]
[WhiteElo "2357"]
[BlackElo "2325"]
[Annotator "TA"]
[PlyCount "57"]
[EventDate "2024.07.01"]
[EventType "team-tourn"]
[EventCountry "POL"]
[SourceTitle "playchess.com"]
[Source "ChessBase"]
[SourceQuality "1"]

1. Nf3 Nf6 2. g3 d5 3. Bg2 c6 4. c4 Bg4 5. Ne5 Be6 6. cxd5 Bxd5 7. Nf3 c5 8. Nc3 Bc6 9. O-O e6 10. d3 Be7 11. e4 O-O 12. Ne5 Be8 13. Be3 Nc6 14. Nxc6 Bxc6 15. a4 Qd7 16. Qe2 Rfd8 17. Rfd1 b6 18. d4 cxd4 19. Rxd4 Qb7 20. f3 Rxd4 21. Bxd4 Rd8 22. Be3 Bc5 23. a5 Bxe3+ 24. Qxe3 bxa5 25. Rxa5 Qxb2 26. Rxa7 h6 27. Rc7 Be8 28. Bf1 Qb8 29. Qa7 1/2-1/2

[Event "WSTCC-50 2024"]
[Site "Krakow"]
[Date "2024.07.09"]
[Round "7.8"]
[White "Buriene, Regina"]
[Black "O`Dwyer, Fergal"]
[Result "1/2-1/2"]
[WhiteElo "1904"]
[BlackElo "1935"]
[Annotator "RC"]
[PlyCount "25"]
[EventDate "2024.07.01"]
[EventType "team-tourn"]
[EventCountry "POL"]
[SourceTitle "playchess.com"]
[Source "ChessBase"]
[SourceQuality "1"]

1. e4 c5 2. Nf3 d6 3. d4 cxd4 4. Nxd4 Nf6 5. Nc3 g6 6. Bb5+ Bd7 7. O-O Bg7 8. Qd3 O-O 9. Nd5 Nc6 10. Nxf6+ Bxf6 11. Nxc6 Bxc6 12. Bxc6 bxc6 13. c3 1/2-1/2

[Event "WSTCC-50 2024"]
[Site "Krakow"]
[Date "2024.07.09"]
[Round "7.8"]
[White "Korge, Kersti"]
[Black "Koop, Thilo"]
[Result "0-1"]
[WhiteElo "1859"]
[BlackElo "2088"]
[Annotator "NA RC"]
[PlyCount "90"]
[EventDate "2024.07.01"]
[EventType "team-tourn"]
[EventCountry "POL"]
[SourceTitle "playchess.com"]
[Source "ChessBase"]
[SourceQuality "1"]

1. d4 d5 2. Nf3 Nc6 3. a3 Bg4 4. e3 e6 5. Be2 Nf6 6. O-O Bd6 7. Nbd2 O-O 8. c4 Ne4 9. c5 Be7 10. Nxe4 dxe4 11. Nd2 Bxe2 12. Qxe2 f5 13. Qc4 Rf6 14. b4 a6 15. Bb2 Qd5 16. Rac1 Rg6 17. Nb1 Bg5 18. Qxd5 exd5 19. Nc3 Ne7 20. Rc2 f4 21. exf4 Bxf4 22. Ne2 Bg5 23. Bc1 Bf6 24. Nf4 Rg4 25. h3 Rh4 26. g3 Rh6 27. Kg2 c6 28. Ne6 Rg6 29. Nf4 Rg5 30. Ne6 Rf5 31. g4 Rf3 32. g5 Kf7 33. gxf6 gxf6 34. Nf4 Nf5 35. Rd1 Rg8+ 36. Kh2 Rg5 37. a4 Nh4 38. Rg1 Rxf4 39. Rxg5 fxg5 40. Bxf4 gxf4 41. Rc1 Nf3+ 42. Kg2 Nxd4 43. Kf1 f3 44. Rd1 Nc2 45. b5 e3 0-1

[Event "WSTCC-50 2024"]
[Site "Krakow"]
[Date "2024.07.09"]
[Round "7.9"]
[White "Schuster, Karsten"]
[Black "Mrva, Martin"]
[Result "0-1"]
[WhiteElo "2307"]
[BlackElo "2361"]
[Annotator "TA"]
[PlyCount "136"]
[EventDate "2024.07.01"]
[EventType "team-tourn"]
[EventCountry "POL"]
[SourceTitle "playchess.com"]
[Source "ChessBase"]
[SourceQuality "1"]

1. d4 d6 2. e4 Nf6 3. Nc3 Nc6 4. d5 Nb8 5. f4 c6 6. Nf3 g6 7. dxc6 Nxc6 8. Bb5 Bd7 9. Qe2 a6 10. Bc4 e6 11. f5 Bg7 12. fxe6 fxe6 13. Bf4 Qc7 14. O-O-O Ne5 15. Rxd6 Qxc4 16. Bxe5 Qxe2 17. Nxe2 Ke7 18. Rhd1 Rhd8 19. Bxf6+ Bxf6 20. e5 Bg7 21. Nf4 Bh6 22. g3 g5 23. Nd3 g4+ 24. Nd2 Bc6 25. Rxd8 Rxd8 26. Kb1 Rf8 27. c4 b5 28. c5 a5 29. Kc2 Rd8 30. Nf4 Rd4 31. Rf1 b4 32. b3 Bb5 33. Re1 Bxf4 34. gxf4 Bd3+ 35. Kd1 Rxf4 36. Re3 Bb5 37. Re4 Rf5 38. Rxg4 Rxe5 39. Rg7+ Kf6 40. Rxh7 Be2+ 41. Kc1 Bd3 42. Rh6+ Ke7 43. Nc4 Rxc5 44. Rh4 Rf5 45. a4 Rg5 46. Kd2 Bxc4 47. Rxc4 Rg2+ 48. Kc1 Kd6 49. Rc2 Rg1+ 50. Kb2 e5 51. Rd2+ Ke6 52. Rd8 e4 53. Kc2 Rg2+ 54. Kd1 Ke5 55. h4 Rh2 56. Ra8 Rxh4 57. Rxa5+ Kd4 58. Ra8 Kd3 59. Rd8+ Kc3 60. a5 Rh1+ 61. Ke2 Ra1 62. Rd5 Kxb3 63. Ke3 Kc4 64. Rd4+ Kc3 65. Rd8 Rxa5 66. Rc8+ Kb2 67. Kxe4 b3 68. Kd3 Ka2 0-1

[Event "WSTCC-50 2024"]
[Site "Krakow"]
[Date "2024.07.09"]
[Round "7.9"]
[White "Zeidler, Sven P."]
[Black "Osiecki, Stanislaw"]
[Result "1-0"]
[WhiteElo "2116"]
[BlackElo "1986"]
[Annotator "RC"]
[PlyCount "117"]
[EventDate "2024.07.01"]
[EventType "team-tourn"]
[EventCountry "POL"]
[SourceTitle "playchess.com"]
[Source "ChessBase"]
[SourceQuality "1"]

1. e4 e6 2. d4 d5 3. exd5 exd5 4. Nf3 Nf6 5. Bg5 Be7 6. Bd3 Bg4 7. h3 Bh5 8. O-O O-O 9. Nc3 c6 10. Re1 Nbd7 11. g4 Bg6 12. Nh4 Bxd3 13. Qxd3 g6 14. Re3 Re8 15. Rae1 Ne4 16. Nxe4 dxe4 17. Qxe4 Bxg5 18. Qxe8+ Nf8 19. Nf3 Bxe3 20. Qxe3 Qf6 21. Kg2 Ne6 22. Qe5 Qxe5 23. Rxe5 Rd8 24. c3 h6 25. Kg3 Rd7 26. Nh4 Kg7 27. f4 Nxf4 28. Kxf4 g5+ 29. Kg3 gxh4+ 30. Kxh4 f6 31. Re2 Kg6 32. Kg3 h5 33. gxh5+ Kxh5 34. Kf4 Kg6 35. Rg2+ Kf7 36. h4 Rd5 37. Rh2 Rh5 38. Kg4 Kg6 39. c4 f5+ 40. Kg3 Kf6 41. Re2 Rh8 42. d5 Rg8+ 43. Kh3 cxd5 44. cxd5 Rd8 45. Rd2 Ke5 46. d6 Kf4 47. d7 Ke3 48. Rd6 f4 49. Re6+ Kf2 50. Re7 f3 51. h5 Kf1 52. h6 f2 53. Kh2 Rh8 54. h7 b6 55. b3 a6 56. a3 b5 57. b4 a5 58. bxa5 b4 59. axb4 1-0

[Event "WSTCC-50 2024"]
[Site "Krakow"]
[Date "2024.07.09"]
[Round "7.9"]
[White "Bouah, Lyndon"]
[Black "Sokolin, Leonid"]
[Result "1/2-1/2"]
[WhiteElo "1996"]
[BlackElo "2454"]
[Annotator "TA"]
[PlyCount "54"]
[EventDate "2024.07.01"]
[EventType "team-tourn"]
[EventCountry "POL"]
[SourceTitle "playchess.com"]
[Source "ChessBase"]
[SourceQuality "1"]

1. d4 Nf6 2. c4 c5 3. d5 b5 4. cxb5 a6 5. b6 g6 6. Nc3 Bg7 7. a4 a5 8. e4 d6 9. Nf3 O-O 10. Be2 Nbd7 11. O-O Nxb6 12. Re1 e6 13. dxe6 Bxe6 14. e5 dxe5 15. Qxd8 Rfxd8 16. Nxe5 Nfd5 17. Bf3 Nxc3 18. bxc3 Bd5 19. Bf4 Bxf3 20. gxf3 Nd5 21. Bd2 Re8 22. f4 Re6 23. Rab1 Nb6 24. Rb5 f6 25. Nxg6 Rxe1+ 26. Bxe1 Re8 27. Kf1 hxg6 1/2-1/2

[Event "WSTCC-50 2024"]
[Site "Krakow"]
[Date "2024.07.09"]
[Round "7.10"]
[White "Paschall, William"]
[Black "Bhawoodien, Shabir Hussain"]
[Result "1-0"]
[WhiteElo "2312"]
[BlackElo "1990"]
[Annotator "TA"]
[PlyCount "95"]
[EventDate "2024.07.01"]
[EventType "team-tourn"]
[EventCountry "POL"]
[SourceTitle "playchess.com"]
[Source "ChessBase"]
[SourceQuality "1"]

1. d4 Nf6 2. c4 g6 3. Nf3 Bg7 4. Nc3 d6 5. e4 O-O 6. h3 Na6 7. Bg5 c5 8. d5 e6 9. Bd3 exd5 10. cxd5 Nc7 11. a4 Na6 12. Nd2 h6 13. Bh4 Nb4 14. Be2 b6 15. O-O a6 16. Nc4 g5 17. Bg3 Ne8 18. Bg4 Bxg4 19. hxg4 Rb8 20. Ne3 Be5 21. Bxe5 dxe5 22. g3 Nd6 23. Kg2 f6 24. Rh1 Kg7 25. Qe2 Rh8 26. b3 Qd7 27. Nc4 Kg6 28. Nxd6 Qxd6 29. Nd1 b5 30. axb5 axb5 31. Ne3 Rb7 32. Rh2 Qb6 33. Nf5 Rbh7 34. Rah1 Qb7 35. Qf3 Qf7 36. Qc3 Qc7 37. Ra1 h5 38. gxh5+ Rxh5 39. Rxh5 Rxh5 40. Ra8 Rh7 41. g4 Qb6 42. Kg1 Kf7 43. Qa1 c4 44. bxc4 bxc4 45. d6 Nc6 46. Qd1 Qb7 47. Qd5+ Kg6 48. Rg8+ 1-0

[Event "WSTCC-50 2024"]
[Site "Krakow"]
[Date "2024.07.09"]
[Round "7.10"]
[White "Motuz, Karol"]
[Black "Kempter, Ronald"]
[Result "1-0"]
[WhiteElo "2293"]
[BlackElo "2204"]
[Annotator "TA"]
[PlyCount "147"]
[EventDate "2024.07.01"]
[EventType "team-tourn"]
[EventCountry "POL"]
[SourceTitle "playchess.com"]
[Source "ChessBase"]
[SourceQuality "1"]

1. e4 e5 2. Nf3 Nc6 3. Bb5 a6 4. Ba4 Nf6 5. O-O Be7 6. Re1 b5 7. Bb3 O-O 8. h3 d6 9. c3 Nb8 10. d4 Nbd7 11. Nbd2 Bb7 12. Bc2 Re8 13. Nf1 Bf8 14. Ng3 g6 15. a4 exd4 16. cxd4 c5 17. Bg5 h6 18. Bf4 cxd4 19. Nxd4 Nc5 20. axb5 axb5 21. Rxa8 Bxa8 22. f3 b4 23. Qd2 Qb6 24. b3 Bg7 25. Rd1 h5 26. Kh1 d5 27. e5 Nfd7 28. Bh6 Bxe5 29. Nxh5 Ne6 30. Nxe6 Rxe6 31. Nf4 Rd6 32. Ne2 d4 33. Bf4 d3 34. Bxd3 Nc5 35. Be3 Qa5 36. Nc1 Bd4 37. Bc4 Be5 38. Qc2 Rxd1+ 39. Qxd1 Qc7 40. Qd2 Bc3 41. Qf2 Nd7 42. Ne2 Bg7 43. Nf4 Qd6 44. Qd2 Qxd2 45. Bxd2 Bc3 46. Bxc3 bxc3 47. Ne2 c2 48. Bd3 Ne5 49. Bxc2 Nxf3 50. Nc3 Nd4 51. Bd1 Kf8 52. Kg1 Ke7 53. Kf2 Kd6 54. b4 Ke5 55. g3 Nf5 56. Bb3 f6 57. h4 Nd6 58. Bc2 f5 59. Ne2 Bc6 60. Bd3 Be8 61. Ke3 Bb5 62. Bxb5 Nxb5 63. Nf4 Kf6 64. Ne2 g5 65. h5 Ke5 66. Kd3 Nd6 67. h6 Kf6 68. Kd4 Kg6 69. Kd5 Nb5 70. Kc5 Na3 71. Nd4 f4 72. g4 Kxh6 73. b5 Nxb5 74. Kxb5 1-0

[Event "WSTCC-50 2024"]
[Site "Krakow"]
[Date "2024.07.09"]
[Round "7.10"]
[White "Sielicki, Tomasz"]
[Black "Davis, Lee"]
[Result "1/2-1/2"]
[WhiteElo "2017"]
[BlackElo "1932"]
[Annotator "NA RC"]
[PlyCount "20"]
[EventDate "2024.07.01"]
[EventType "team-tourn"]
[EventCountry "POL"]
[SourceTitle "playchess.com"]
[Source "ChessBase"]
[SourceQuality "1"]

1. d4 g6 2. e4 d6 3. Nc3 Bg7 4. f4 Nf6 5. Nf3 O-O 6. Be3 c5 7. dxc5 Qa5 8. Bd3 Ng4 9. Bd2 Qxc5 10. Qe2 Nf6 1/2-1/2

[Event "WSTCC-50 2024"]
[Site "Krakow"]
[Date "2024.07.09"]
[Round "7.11"]
[White "Pieper, Thomas"]
[Black "Briestensky, Rastislav"]
[Result "1/2-1/2"]
[WhiteElo "2170"]
[BlackElo "2274"]
[Annotator "TA"]
[PlyCount "113"]
[EventDate "2024.07.01"]
[EventType "team-tourn"]
[EventCountry "POL"]
[SourceTitle "playchess.com"]
[Source "ChessBase"]
[SourceQuality "1"]

1. e4 c6 2. d4 d5 3. Nd2 dxe4 4. Nxe4 Nd7 5. Ng5 Ngf6 6. Bd3 e6 7. N1f3 Bd6 8. Qe2 O-O 9. Bd2 Qc7 10. O-O-O c5 11. dxc5 Nxc5 12. Bc3 Nxd3+ 13. Qxd3 Bf4+ 14. Kb1 e5 15. g3 Bxg5 16. Nxg5 h6 17. Ne4 Nxe4 18. Qxe4 f6 19. f4 Bg4 20. Rde1 exf4 21. gxf4 Qd7 22. Rhg1 Rae8 23. Qd4 Rxe1+ 24. Rxe1 Rd8 25. Qe3 Qd1+ 26. Rxd1 Rxd1+ 27. Qc1 Kf7 28. Qxd1 Bxd1 29. Kc1 Bf3 30. Bb4 g6 31. Kd2 Ke6 32. Ke3 Bd1 33. c3 Kf5 34. Bd6 Kg4 35. Kf2 Bc2 36. Kg2 Be4+ 37. Kf2 Bb1 38. a3 Ba2 39. Bb8 a5 40. Bc7 a4 41. Bd6 Bc4 42. Bc7 g5 43. fxg5 hxg5 44. Bd8 f5 45. Be7 f4 46. Bd8 Kf5 47. Be7 g4 48. Bd6 Ke4 49. Bc7 b5 50. Bd6 Be6 51. Bc7 Bd5 52. Bd6 f3 53. Be7 Kd3 54. Bb4 Bc4 55. h3 gxh3 56. Kxf3 Kc2 57. Kg3 1/2-1/2

[Event "WSTCC-50 2024"]
[Site "Krakow"]
[Date "2024.07.09"]
[Round "7.11"]
[White "Adams, Mark"]
[Black "Flis, Pawel"]
[Result "0-1"]
[WhiteElo "1951"]
[BlackElo "1980"]
[Annotator "NA RC"]
[PlyCount "46"]
[EventDate "2024.07.01"]
[EventType "team-tourn"]
[EventCountry "POL"]
[SourceTitle "playchess.com"]
[Source "ChessBase"]
[SourceQuality "1"]

1. e4 e5 2. d4 exd4 3. Nf3 Nc6 4. Bc4 Nf6 5. e5 d5 6. Bb5 Ne4 7. O-O Bg4 8. Qxd4 Bc5 9. Qd3 O-O 10. Bxc6 bxc6 11. Nbd2 Bf5 12. Qe2 f6 13. Nb3 Bb6 14. c4 fxe5 15. Nxe5 Qf6 16. Nf3 Rae8 17. Be3 Bg4 18. Rac1 Bxf3 19. Qxf3 Qxb2 20. Qd1 Bxe3 21. fxe3 Rxf1+ 22. Qxf1 Rf8 23. Qd1 Qf2+ 0-1

[Event "WSTCC-50 2024"]
[Site "Krakow"]
[Date "2024.07.09"]
[Round "7.11"]
[White "Metcalfe, Allister"]
[Black "Ginsburg, Mark"]
[Result "0-1"]
[WhiteElo "1889"]
[BlackElo "2272"]
[Annotator "TA"]
[PlyCount "106"]
[EventDate "2024.07.01"]
[EventType "team-tourn"]
[EventCountry "POL"]
[SourceTitle "playchess.com"]
[Source "ChessBase"]
[SourceQuality "1"]

1. c4 b6 2. Nc3 Bb7 3. e4 e5 4. d3 Nc6 5. g3 h5 6. h3 h4 7. g4 Nd4 8. Nf3 Bc5 9. Nxd4 Bxd4 10. Be3 Ne7 11. Bxd4 exd4 12. Nb5 Nc6 13. f4 a6 14. Na3 g5 15. Qf3 Qf6 16. Be2 Qxf4 17. Qxf4 gxf4 18. Rf1 Ne5 19. Rxf4 c5 20. Rf6 Bc6 21. Kd2 Ke7 22. Raf1 Rag8 23. Nc2 d6 24. Ne1 b5 25. R1f4 bxc4 26. dxc4 Bxe4 27. b3 Rg6 28. Rxg6 Bxg6 29. Nd3 a5 30. Rf1 Bxd3 31. Bxd3 f6 32. Be4 Rg8 33. Rf5 Rg5 34. Rf1 Nd7 35. Bf5 Ne5 36. Be4 Rg8 37. Rf5 Rh8 38. Rf1 Nf7 39. Bg2 Ng5 40. Re1+ Kd7 41. Rf1 Rf8 42. Rf2 a4 43. Rf1 axb3 44. axb3 Rb8 45. Kc2 Re8 46. Kd2 Re3 47. Rxf6 Rxb3 48. Bd5 Nxh3 49. Rf7+ Kd8 50. Rh7 Nf4 51. Rxh4 Nxd5 52. cxd5 Rg3 53. Kc2 Ke7 0-1

[Event "WSTCC-50 2024"]
[Site "Krakow"]
[Date "2024.07.09"]
[Round "7.12"]
[White "Kantorik, Marian"]
[Black "Scheckenbach, Franz"]
[Result "0-1"]
[WhiteElo "2198"]
[BlackElo "2072"]
[Annotator "RC"]
[PlyCount "74"]
[EventDate "2024.07.01"]
[EventType "team-tourn"]
[EventCountry "POL"]
[SourceTitle "playchess.com"]
[Source "ChessBase"]
[SourceQuality "1"]

1. d4 d5 2. c4 e6 3. Nf3 c5 4. cxd5 exd5 5. Nc3 Nc6 6. g3 Nf6 7. Bg2 cxd4 8. Nxd4 Bc5 9. Nxc6 bxc6 10. O-O O-O 11. Na4 Bb6 12. Bf4 Bf5 13. Rc1 Rc8 14. b4 Re8 15. Nc5 Bxc5 16. Rxc5 Qe7 17. Bg5 h6 18. Bxf6 Qxf6 19. e3 Be4 20. Bxe4 Rxe4 21. b5 Rc4 22. Rxc6 R8xc6 23. bxc6 Qxc6 24. Qb3 a5 25. Qb8+ Kh7 26. Qd8 a4 27. Rd1 Rc1 28. Rxc1 Qxc1+ 29. Kg2 Qc4 30. a3 Qc5 31. Qd7 Qxa3 32. Qxf7 Qd3 33. f4 a3 34. f5 Qe4+ 35. Kf2 a2 36. Qa7 Qxf5+ 37. Kg2 Qb1 0-1

[Event "WSTCC-50 2024"]
[Site "Krakow"]
[Date "2024.07.09"]
[Round "7.12"]
[White "Koganov, Mikhail"]
[Black "Schutte, Andre"]
[Result "1-0"]
[WhiteElo "2177"]
[BlackElo "1817"]
[Annotator "RC"]
[PlyCount "51"]
[EventDate "2024.07.01"]
[EventType "team-tourn"]
[EventCountry "POL"]
[SourceTitle "playchess.com"]
[Source "ChessBase"]
[SourceQuality "1"]

1. b3 d5 2. e3 Nf6 3. Bb2 e6 4. f4 c5 5. Nf3 Nc6 6. Bb5 Bd7 7. O-O a6 8. Bxc6 bxc6 9. d3 Be7 10. Ne5 Qb6 11. Qe2 Rd8 12. Nd2 Bc8 13. Kh1 h5 14. Ndf3 g6 15. Ng5 Rf8 16. Rf2 Nd7 17. Nh7 Rg8 18. g4 Nxe5 19. fxe5 hxg4 20. Qxg4 Rd7 21. Raf1 Bd8 22. Bc1 f5 23. exf6 Rxh7 24. f7+ Rxf7 25. Rxf7 e5 26. Qxc8 1-0

[Event "WSTCC-50 2024"]
[Site "Krakow"]
[Date "2024.07.09"]
[Round "7.12"]
[White "Zielinski, Olgierd"]
[Black "Hughes, Anthony"]
[Result "1/2-1/2"]
[WhiteElo "1913"]
[BlackElo "1913"]
[Annotator "NA RC"]
[PlyCount "72"]
[EventDate "2024.07.01"]
[EventType "team-tourn"]
[EventCountry "POL"]
[SourceTitle "playchess.com"]
[Source "ChessBase"]
[SourceQuality "1"]

1. e4 c6 2. d4 d5 3. exd5 cxd5 4. Bd3 Nc6 5. c3 Nf6 6. h3 e5 7. dxe5 Nxe5 8. Bb5+ Bd7 9. Qe2 Bxb5 10. Qxb5+ Qd7 11. Qxd7+ Nfxd7 12. Ke2 Bc5 13. f4 Nc4 14. b3 Nd6 15. Nf3 O-O 16. Rd1 Rfe8+ 17. Kf1 Ne4 18. Nd4 Ndf6 19. Rd3 Rad8 20. g4 Bb6 21. Kg2 Nc5 22. Re3 Nfe4 23. Kf3 Ne6 24. Rd3 N6c5 25. Rd1 h6 26. Be3 Nd6 27. a4 Nce4 28. Ra2 g6 29. Nc2 Rc8 30. Bxb6 Nxc3 31. Nxc3 Rxc3+ 32. Be3 Rxb3 33. Re1 Nc4 34. Kf2 Nb2 35. Re2 Nd3+ 36. Kf3 Nc1 1/2-1/2

[Event "WSTCC-50 2024"]
[Site "Krakow"]
[Date "2024.07.09"]
[Round "7.13"]
[White "Oratovsky, Michael"]
[Black "Plotkin, Victor"]
[Result "1-0"]
[WhiteElo "2417"]
[BlackElo "2264"]
[Annotator "TA"]
[PlyCount "51"]
[EventDate "2024.07.01"]
[EventType "team-tourn"]
[EventCountry "POL"]
[SourceTitle "playchess.com"]
[Source "ChessBase"]
[SourceQuality "1"]

1. e4 e5 2. Bc4 Nf6 3. d3 Nc6 4. Nf3 Bc5 5. c3 d6 6. Nbd2 a6 7. Nf1 O-O 8. Ng3 Ba7 9. Bb3 h6 10. h3 Be6 11. Nh2 Ne7 12. Ng4 Ng6 13. Nf5 Bxf5 14. exf5 Nh4 15. g3 Nxf5 16. Qf3 h5 17. Bg5 hxg4 18. hxg4 Re8 19. Qxf5 d5 20. O-O-O Re6 21. Rh4 g6 22. Qf3 Qd6 23. Rdh1 Kf8 24. Rh8+ Ng8 25. Bxd5 Rae8 26. Qxf7+ 1-0